Crusader Kings III (CK3) Empire Titles - Statistics

General Stats
  • This quiz has been taken 628 times
    605 since last reset
  • The average score is 11 of 28
Answer Stats
Answer % Correct
Byzantine Empire
84%
Francia
83%
Scandinavia
78%
Britannia
73%
Italia
71%
Russia
70%
Hispania
65%
Germania
61%
Mongolia
52%
Maghreb
39%
Carpathia
38%
Mali
37%
Tibet
34%
Arabian Empire
33%
Persian Empire
31%
Khazaria
26%
Abyssinia
25%
Siberia
22%
Guinea
21%
Bengal Empire
18%
Tartaria
18%
Deccan Empire
17%
Kanem-Bornu
16%
Turan
16%
Ajuraan
13%
Rajastan
13%
Volga-Ural
8%
Southern Baltic Empire
4%
No matching quizzes found
Score Distribution
Percent of People with Each Score
Percentile by Number Answered
Your Score History
You have not taken this quiz since the last reset